000 00597nam a2200229 a 4500
999 _c4743
_d4743
001 4743
003 BD-JhCC
005 20171203084906.0
008 171203s19711973u b|||| || | 001 0 eng d
020 _a06910690777
035 _a(BD-JhCC)4743
040 _aBD-JhCC
_dBD-JhCC
041 _aeng
082 _a355.082
_bEAR 1973
100 _aEarle, Edward Mead
245 _aMakers of Modern Strategy /
_cEdward Mead Earle,
260 _aUSA :
_bPrinceton University Press,
_c1973.
300 _a553 p. :
_c24 cm.
650 _aMilirary Art and Science
942 _2ddc
_cBK